Classic questions & contemporary film : an introduction to philosophy
This new text/reader is the first major introduction to philosophy that incorporates movies as a key pedagogical element. Throughout the text, summaries of and references to current and classic films engage students, revealing what they already know and addressing issues that they find relevant. The...
Kaydedildi:
| Yazar: | |
|---|---|
| Materyal Türü: | Kitap |
| Dil: | Undetermined |
| Baskı/Yayın Bilgisi: |
Boston, Mass.
McGraw-Hill
2005
|
| Konular: | |
| Etiketler: |
Etiketle
Etiket eklenmemiş, İlk siz ekleyin!
|
| Thư viện lưu trữ: | Trung tâm Học liệu Trường Đại học Cần Thơ |
|---|
| LEADER | 01083nam a2200229Ia 4500 | ||
|---|---|---|---|
| 001 | CTU_150528 | ||
| 008 | 210402s9999 xx 000 0 und d | ||
| 020 | |c 36.36 | ||
| 082 | |a 100 | ||
| 082 | |b K88 | ||
| 100 | |a Kowalski, Dean A. | ||
| 245 | 0 | |a Classic questions & contemporary film : | |
| 245 | 3 | |b an introduction to philosophy | |
| 245 | 0 | |c Dean A. Kowalski. | |
| 260 | |a Boston, Mass. | ||
| 260 | |b McGraw-Hill | ||
| 260 | |c 2005 | ||
| 520 | |a This new text/reader is the first major introduction to philosophy that incorporates movies as a key pedagogical element. Throughout the text, summaries of and references to current and classic films engage students, revealing what they already know and addressing issues that they find relevant. The book highlights the major topics within philosophy and includes the core readings that represent them; instructors with various pedagogical approaches will find | ||
| 650 | |a Philosophy,Philosophy in motion pictures | ||
| 650 | |x Introductions | ||
| 904 | |i Năm | ||
| 980 | |a Trung tâm Học liệu Trường Đại học Cần Thơ | ||